000 00455nam a2200181Ia 4500
001 23353
005 20260414150931.0
008 260414t2016||||xx |||||||||||||| ||spa||
041 _aESP
082 _a629.89
_bS754
100 _aSmith, Carlos A.
_eAUT
245 0 _aControl automático de procesos :
_bteoría y práctica
260 _c2016
300 _axix, 766 páginas :
_c23 cm.
650 _aTCA
654 _aCII
942 _cLIB
_dJUS
_fJUS
_2ddc
_n
999 _c23353
_d23353